La Casa de la Contratacion y la navegacion entre Espana y las Indias / (Registro nro. 11654)
[ vista simple ]
| 000 -CABECERA | |
|---|---|
| campo de control de longitud fija | 01161cam a22002417a 4500 |
| 001 - NÚMERO DE CONTROL | |
| campo de control | 000011985 |
| 005 - FECHA Y HORA DE LA ÚLTIMA TRANSACCIÓN | |
| campo de control | 20200929162639.0 |
| 008 - DATOS DE LONGITUD FIJA--INFORMACIÓN GENERAL | |
| campo de control de longitud fija | 040825s2003 sp a b 000 0 spa d |
| 020 ## - NÚMERO INTERNACIONAL ESTÁNDAR DEL LIBRO | |
| Número Internacional Estándar del Libro | 8400082060 |
| 040 ## - FUENTE DE LA CATALOGACIÓN | |
| Centro catalogador/agencia de origen | DO-SdBNP |
| Lengua de catalogación | spa |
| Centro/agencia transcriptor | BNPHU |
| 245 03 - MENCIÓN DE TÍTULO | |
| Título | La Casa de la Contratacion y la navegacion entre Espana y las Indias / |
| Mención de responsabilidad, etc. | coordinadores Antonio Acosta Rodriguez, Adolfo Gonzalez Rodriguez, Enriqueta Vila Vilar. |
| 260 ## - PUBLICACIÓN, DISTRIBUCIÓN, ETC. | |
| Lugar de publicación, distribución, etc. | Sevilla : |
| Nombre del editor, distribuidor, etc. | Universidad de Sevilla : |
| -- | Consejo Superior de Investigaciones Científicas : |
| -- | Fundación El Monte, |
| Fecha de publicación, distribución, etc. | 2003. |
| 300 ## - DESCRIPCIÓN FÍSICA | |
| Extensión | xxiii, 1072 p. : |
| Otras características físicas | il. ; |
| Dimensiones | 24 cm. |
| 500 ## - NOTA GENERAL | |
| Nota general | Incluye referencias bibliográficas y notas al pie de las páginas |
| 651 #0 - PUNTO DE ACCESO ADICIONAL DE MATERIA--NOMBRE GEOGRÁFICO | |
| Nombre geográfico | Spain |
| Subdivisión general | Commerce |
| Subdivisión geográfica | Latin America |
| Subdivisión general | History |
| Subdivisión de forma | Congresses. |
| 9 (RLIN) | 28346 |
| 651 #0 - PUNTO DE ACCESO ADICIONAL DE MATERIA--NOMBRE GEOGRÁFICO | |
| Nombre geográfico | Latin America |
| Subdivisión general | Commerce |
| Subdivisión geográfica | Spain |
| Subdivisión general | History |
| Subdivisión de forma | Congresses. |
| 9 (RLIN) | 28347 |
| 610 20 - PUNTO DE ACCESO ADICIONAL DE MATERIA--NOMBRE DE ENTIDAD CORPORATIVA | |
| Nombre de entidad corporativa o nombre de jurisdicción como elemento de entrada | Casa de Contratacion (Spain) |
| Subdivisión general | History. |
| 9 (RLIN) | 28348 |
| 651 #0 - PUNTO DE ACCESO ADICIONAL DE MATERIA--NOMBRE GEOGRÁFICO | |
| Nombre geográfico | Spain |
| Subdivisión general | Colonies |
| Subdivisión geográfica | America |
| Subdivisión general | Administration |
| Subdivisión de forma | Congresses. |
| 9 (RLIN) | 28349 |
| 650 #0 - PUNTO DE ACCESO ADICIONAL DE MATERIA--TÉRMINO DE MATERIA | |
| Término de materia o nombre geográfico como elemento de entrada | Shipping |
| Subdivisión geográfica | Spain |
| Subdivisión de forma | Congresses. |
| 9 (RLIN) | 28350 |
| 700 1# - PUNTO DE ACCESO ADICIONAL--NOMBRE DE PERSONA | |
| Nombre de persona | Acosta Rodríguez, Antonio. |
| 9 (RLIN) | 28351 |
| 700 1# - PUNTO DE ACCESO ADICIONAL--NOMBRE DE PERSONA | |
| Nombre de persona | Gonzalez Rodríguez, Adolfo Luis. |
| 9 (RLIN) | 28352 |
| 700 1# - PUNTO DE ACCESO ADICIONAL--NOMBRE DE PERSONA | |
| Nombre de persona | Vila Vilar, Enriqueta. |
| 9 (RLIN) | 15386 |
| Estado de retiro | Estado de pérdida | Restricciones de uso | No para préstamo | Código de colección | Localización permanente | Ubicación/localización actual | Ubicación en estantería | Fecha de adquisición | Número de inventario | Total de préstamos | Signatura topográfica completa | Código de barras | Fecha visto por última vez | Precio válido a partir de | Tipo de ítem Koha |
|---|---|---|---|---|---|---|---|---|---|---|---|---|---|---|---|
| Monografías: Libros y Folletos | General | General | En catalogación | 02.11.2009 | LF1 | 11985-10 | 25.06.2020 | 25.06.2020 | Préstamo en sala |
